000 00506nam a2200181 a 4500
005 20260322212033.0
008 data
010 _a86-5103
090 _aBF 632.5 B7 1986
100 1 _aBrandt, David
245 1 0 _aDon't stop now, you're killing me :
_bthe sadomasochism game in everyday life and how not to play it /
_cDavid Brandt.
260 _aNew York
_bPoseidon Press
_cc1986
650 4 _aControl (Psychology).
650 0 2 _aMasochism
650 4 _aPsychological games.
650 0 2 _aSadism
001 data
999 _c774
_d774